MST3K Short FTL: Appreciating Our Parents Quiz Stats

Quiz not verified by Sporcle

Challenge
Share
Tweet
Score 0/15 Timer 05:00
0 Plays Today
% Correct
And take steroids.
76.7%
And the maid to be bedded.
64%
He's in the wrong house.
63%
He gives up.
61.6%
And what all the yelling's about.
61.2%
So he punts a football through a window.
58.5%
Luxuries like shoes and food.
58.3%
By a woman with no career outside the house.
58.1%
% Correct
Yeah, you wouldn't want that penny just sitting out.
57.8%
He can rejoin the Village People now.
57.6%
While his brain gets dimmer and dimmer.
54.1%
What a dump!
53.9%
Like his hopes and dreams.
53.1%
Except for his mind.
49.4%
In a prison break.
42.6%

You're not logged in!

Compare scores with friends on all Sporcle quizzes.
Join for Free
OR
Log In

You Might Also Like...

Show Comments

Extras

Top Quizzes Today


Score Distribution

Your Account Isn't Verified!

In order to create a playlist on Sporcle, you need to verify the email address you used during registration. Go to your Sporcle Settings to finish the process.

Report this User

Report this user for behavior that violates our Community Guidelines.

Details: